| 000 | 00552nam a2200193Ia 4500 | ||
|---|---|---|---|
| 005 | 20250508161909.0 | ||
| 008 | 008 250505s9999 xx 000 0 eng d | ||
| 037 | _aTextual | ||
| 040 |
_aFEDL _beng _cFEDL |
||
| 041 |
_aeng _2eng |
||
| 084 |
_a370.1, AUR _qFEDL |
||
| 100 | _aAurbindo | ||
| 245 | 0 | _aSystem of National education : Some introductory essays | |
| 260 |
_aCalcutta, India _bArya Publishing House _c1944 |
||
| 300 | _a53p. | ||
| 650 | _aEducation-Philosophy | ||
| 942 |
_cTEXL _h370.1, AUR |
||
| 999 |
_c1373052 _d1373052 |
||